000 01965nam a2200289Ia 4500
999 _c37520
_d37520
001 3484
003 GE_BSU
005 20190620183953.0
008 181216s2009||||ge |||||||||||||| ||geo||
020 _a9789941015601
040 _cGE_BSU
041 _ageo
080 _a321.7+341.231.14(072) ც–98
245 _aცხოვრება დემოკრატიულ საზოგადოებაში : სწავლება დემოკრატიული მოქალაქეობისა და ადამიანის უფლებათა შესახებ-საგაკვეთილო გეგმები ზოგადსაგანმანათლებლო სკოლის საბაზო საფეხურისათვის /
_cავტ.: როლფ გოლობი, ტედ ჰუდლესტონი, პიტერ კრაფი და სხვ.; ილ. პიტერ ვისკემანი ; მთარგმნ. მაია ჩანქსელიანი ; რედ. ნათია ნაცვლიშვილი.
250 _aპირველი ქართ გამოც.
264 _aთბილისი :
_c2009.
300 _a177 გვ.;
_b29 სმ.
653 _aდემოკრატია
653 _aადამიანის უფლებები
700 _aგოლობი, როლფ
_eავტორი
_92685
700 _aჰუდლესტონი, ტედ
_eავტორი
_92686
700 _aკრაფი, პიტერ და სხვ.
_eავტორი
_92687
700 _aჩანქსელიანი, მაია
_eმთარგმნელი
_92570
700 _aნაცვლიშვილი, ნათია
_eრედაქტორი
_9890
700 _aვისკემანი, პეტი
_eმხატვარი
_92633
942 _cBK
_2udc